Материалы для программированного опроса по курсу "Теория механизмов и машин и детали машин". Ч. 1: Методика программированного опроса по курсу "Теория механизмов и машин и детали машин" (Запись № 6306204)

Подробности
000 -МАРКЕР
контрольное поле 01823nam2a22002411 4500
001 - ИДЕНТИФИКАТОР ЗАПИСИ
контрольное поле rc\3214516
005 - ИДЕНТИФИКАТОР ВЕРСИИ
контрольное поле 20250530103247.0
035 ## - ДРУГИЕ СИСТЕМНЫЕ НОМЕРА
Идентификатор записи (NLR Aleph) 007360861
100 ## - ДАННЫЕ ОБЩЕЙ ОБРАБОТКИ
Данные общей обработки 20130115d1974 |||y0rusy50 ca
101 0# - ЯЗЫК РЕСУРСА
Язык текста, звукозаписи и т.д. русский
102 ## - СТРАНА ПУБЛИКАЦИИ ИЛИ ПРОИЗВОДСТВА
Страна публикации Российская Федерация
105 ## - ПОЛЕ КОДИРОВАННЫХ ДАННЫХ: ТЕКСТОВЫЕ МАТЕРИАЛЫ, МОНОГРАФИЧЕСКИЕ
Кодированные данные о монографическом текстовом документе y z |||||
200 1# - ЗАГЛАВИЕ И СВЕДЕНИЯ ОБ ОТВЕТСТВЕННОСТИ
Основное заглавие Методика программированного опроса по курсу "Теория механизмов и машин и детали машин"
210 ## - ПУБЛИКАЦИЯ, РАСПРОСТРАНЕНИЕ И ДР.
Дата издания, распространения и т.д. 1974
Место издания, распространения и т.д. Б. м.
215 ## - ФИЗИЧЕСКАЯ ХАРАКТЕРИСТИКА
Специфическое обозначение материала и объем 24 с.
461 #0 - УРОВЕНЬ НАБОРА
Встроенное поле 001rc\3214515
-- 2001#$aМатериалы для программированного опроса по курсу "Теория механизмов и машин и детали машин"$e[В 3 ч.]$eЧ. 1-$fМ-во высш. и сред. спец. образ. РСФСР. Горьк. инж.-строит. ин-т В.П. Чкалова. Кафедра технологии строит. производства$vЧ. 1
-- 700#1$aЕршов$bВ.С.$gВиталий Сергеевич
Системный номер (АБИС) связанной записи 6306198
Автор Ершов, В.С.
Место публикации Горький
Дата публикации 1974
Издание (2-е изд., доп. и перераб.)
Первые сведения об ответственности М-во высш. и сред. спец. образ. РСФСР. Горьк. инж.-строит. ин-т В.П. Чкалова. Кафедра технологии строит. производства
Имя издателя, распространителя и т.д. Б. и.
Сведения, относящиеся к заглавию [В 3 ч.] : Ч. 1-
Заглавие Материалы для программированного опроса по курсу "Теория механизмов и машин и детали машин"
Номер тома Ч. 1
532 13 - РАСШИРЕННОЕ ЗАГЛАВИЕ
Заглавие Методика программированного опроса по курсу Теория механизмов и машин и детали машин
801 #0 - ИСТОЧНИК ЗАПИСИ
Страна Российская Федерация
Организация NLR
Правила каталогизации psbo
801 #1 - ИСТОЧНИК ЗАПИСИ
Страна Российская Федерация
Организация ELAR
Источник данных rusmarc
852 ## - МЕСТОНАХОЖДЕНИЕ И ШИФР ХРАНЕНИЯ
Идентификатор организации NLR
Шифр хранения (Call Number) 74-4/14801
942 ## - ДОПОЛНИТЕЛЬНЫЕ ЭЛЕМЕНТЫ ЗАПИСИ (АБИС)
Тип экземпляра АБИС Книга
980 ## - КОЛЛЕКЦИЯ
Название коллекции Национальная библиография
Экземпляры
Тип экземпляра Дата поступления Библиотека постоянного хранения Библиотека текущего хранения Место хранения Шифр хранения Штрих-код Статус экземпляра
Книга 26.10.2013 РНБ (Московский) РНБ (Московский) Русский книжный фонд: издания с 1957 года 74-4/14801 7360861-10